Welcome to the Holygrace Academy Library

Please use search bar below to get started

MY LITTLE NAUGHTY LITTLE SISTER & BAD HARRY (Record no. 5817)

MARC details
000 -LEADER
fixed length control field 00362nam a22001457a 4500
020 ## - INTERNATIONAL STANDARD BOOK NUMBER
ISBN 0-7497-0237-0
082 ## - DEWEY DECIMAL CLASSIFICATION NUMBER
Classification number 823
Item number EDW/M
100 ## - MAIN ENTRY--AUTHOR NAME
Personal name EDWARDS, DOROTHY
245 ## - TITLE STATEMENT
Title MY LITTLE NAUGHTY LITTLE SISTER & BAD HARRY
260 ## - PUBLICATION, DISTRIBUTION, ETC. (IMPRINT)
Place of publication BRITAIN
Name of publisher METHUEN CHILDREN'S BOOKS LIMITED
Year of publication 1998
300 ## - PHYSICAL DESCRIPTION
Number of Pages 115
520 ## - SUMMARY, ETC.
Summary, etc SHORT STORY
650 ## - SUBJECT ADDED ENTRY--TOPICAL TERM
Topical Term SHORT STORY
942 ## - ADDED ENTRY ELEMENTS (KOHA)
Koha item type Books
Holdings
Withdrawn status Lost status Collection code Home library Current library Shelving location Date acquired Source of acquisition Full call number Accession Number Koha item type
    Fiction Main Library Main Library SHELF 15-I-CHILDREN'S STORYBOOKS 22/03/2014 Purchase 823 EDW/M 08095 Books